| 000 | 00376nam a2200145Ia 4500 | ||
|---|---|---|---|
| 008 | 230917s9999||||xx |||||||||||||| ||und|| | ||
| 040 |
_e101645 _aMAIN |
||
| 041 | _aEnglish | ||
| 082 | _a759.9543 P192B | ||
| 100 | _aPande, Anupa | ||
| 245 | 0 | _aBuddhist cave paintings of Bagh | |
| 260 |
_aNew Delhi _bAryan Books International _c2002 |
||
| 300 | _axi,212p p. | ||
| 942 | _cBK | ||
| 999 |
_c118486 _d118486 |
||